00626nam a22001697a 4500003000900000008004100009040007100050082001800121110003700139245003200176260005100208300002800259505010200287650002400389650003100413650001200444AR-CdUCM190307b ||||| |||| 00| 0 spa d aMUNICIPALIDAD PROVINCIAL DEL CUSCOcBIBLIOTECA MUNICIPAL DEL CUSCO a803.08 /bB46 aSelecciones del Readers's Digest aBiblioteca de Selecciones / aMexico :bEditora San Mateo Tecoloapan,c1966. a478 páginas ;c19 cm. aCabriolas y Misterios -- Llora, Amado País -- El Halcón peregrino -- Epitafio para un enemigo aLiteratura Francesa aLiteratura contemporánea aCuentos